Návrh databázového systému pre nemocnicu v notácii UML

Gespeichert in:
Bibliographische Detailangaben
1. Verfasser: Motúz, Peter, 1986- (Verfasst von)
Weitere Verfasser: Masárová, Renáta, 1967- (Betreuung Doktorarbeit)
Format: Manuskript Buch
Sprache:Slowakisch
Veröffentlicht: STU v Bratislave MTF UIAM, 2010
Schlagworte:
Online-Zugang:VAIS
Tags: Tag hinzufügen
Keine Tags, Fügen Sie das erste Tag hinzu!

MARC

LEADER 00000ntm a22000003a 4500
001 stu206378
005 20160719160235.8
008 100703s2010------------------------slo-d
040 |a STU  |b slo 
041 0 |a slo 
100 1 |a Motúz, Peter,  |d 1986-  |4 aut  |X 24646  |7 A000024646 
242 0 0 |a Application of database system for hospital in UML notation  |y eng 
245 1 |a Návrh databázového systému pre nemocnicu v notácii UML 
260 |b STU v Bratislave MTF UIAM,  |c 2010 
650 7 |a sekvenčný diagram  |2 stusub 
650 7 |a SQL  |2 stusub 
650 7 |a PL/SQL  |2 stusub 
650 7 |a information system  |2 estusub 
650 7 |a Delphi  |2 estusub 
650 7 |a dátový model  |2 stusub 
650 7 |a SQL  |2 stusub 
650 7 |a PL/SQL  |2 stusub 
650 7 |a informačný systém  |2 stusub 
650 7 |a Delphi  |2 estusub 
700 1 |a Masárová, Renáta,  |d 1967-  |4 ths  |u M6000  |U MTF Materiálovotechnologická fakulta  |T MTF Ústav aplikovanej informatiky, automatizácie a matematiky  |X 275  |U M6000  |Y 86  |7 A000000275 
856 4 |a info a plný text  |u http://is.stuba.sk/zp/portal_zp.pl?podrobnosti=75122  |3 VAIS 
996 |c M*DP-9227  |l MMSKP  |s P  |a 0  |w stu206378_0001